| 000 | 00457cam a2200121 4500500 | ||
|---|---|---|---|
| 005 | 20250921011958.0 | ||
| 041 | _afre | ||
| 042 | _adc | ||
| 100 | 1 | 0 |
_aCollectif, Travail _eauthor |
| 245 | 0 | 0 | _aKANT : modernité esthétique et modernité politique |
| 260 |
_bL'Académie tunisienne (Beït al-Hikma),
_c2005. |
||
| 856 | 4 | 1 | _uhttps://shs.cairn.info/kant-modernite-esthetique-et-modernite-politique--9789973490150?lang=fr&redirect-ssocas=7080 |
| 999 |
_c1509660 _d1509660 |
||